MDQL
is popping MORE tags! Check the
thread
!
Quizzes
Events
Quiz Creation
Community
Videos
Private Events
Remove Ads
Sign In
Join for FREE
Feedback
Dark Mode
Quiz Categories
Sports
Geography
Music
Movies
Television
Just For Fun
Miscellaneous
History
Literature
Language
Science
Gaming
Entertainment
Religion
Holiday
For Kids
Quiz Lab
Recent
Popular Today
Quiz Kudos Today
Editor Picks
Curator Picks
Quizzes by...
Day
Popularity
Type
Ratings
Length
Year
Community
Subscriptions
Recent Discussions
Orange Saloon
Badges
Playlists
Quests
Create
Leaderboards
Showdown
Live 5
Trivia Bingo
Activity
Puzzle Library
Sporcle Events
Private Events
Virtual Trivia
Globe League
Become a Host
Pub Owners
SporcleCon
Opinionation
Our Games
Videos
Blog
Mobile Apps
Partnerships
Remove Ads and Go Orange
Feedback
Movies
Disney
Marvel Cinematic Universe
Movie Resume
Movie Titles
Oscar
Actor
Actress
Director
Pixar
Role
Movie Quotes
Movie Characters
Box Office
Nominee
Best Picture
Star Wars
James Bond
Horror Movies
Movies
Disney
Marvel Cinematic Universe
Movie Resume
Movie Titles
Oscar
Actor
Actress
Director
Pixar
Role
Movie Quotes
Movie Characters
Box Office
Nominee
Best Picture
Star Wars
James Bond
Horror Movies
Random Quiz
Search Sporcle
×
Quiz Lab
Quiz Lab
Movies
Villains
Type in answers that appear in a list
Type in answers that appear in a list
Classic
Best Score? Go Orange.
Characters in the 'Rocky' film series Stats
Name the characters in the 'Rocky' saga.
By
AttorneyLoophole
5m
18 Questions
264 Plays
264 Plays
264 Plays
Comments
Comments
Give Quiz Kudos
Give Quiz Kudos
-
- Ratings
hide this ad
Random Order
Randomize order of answers
Randomize order of answers
Replay
Link that replays current quiz
Next Quiz
Link to next quiz in quiz playlist
You Got
0%
They Got
Avg Score
59%
Avg Friend Score
Upgrade to see
Score Distribution
Jump to the score distribution portion of the page
Score
0/18
Timer
05:00
0
Plays Today
Let the hint clue you in....
Answer
% Correct
Just wants to go the distance....
Rocky Balboa
95.4%
A Champion who needs no introduction, anywhere in the civilized world.
Apollo Creed
91.6%
He's not a machine....he's a man!
Ivan Drago
91.6%
Suffers from the disease of being shy.
Adrian Balboa
89.4%
He pities the foo'.
Clubber Lang
89%
He's in charge of the meat....and throwing the bird in the yard.
Paulie Pennino
85.2%
Has 'vegetation' in his ear....and cuts on request.
Mickey Goldmill
79.1%
Double gold medalist for the Soviet Union is swimming...and afraid for her husband's life
Ludmila Drago
71.9%
Touch him and he'll sue.
George Washington Duke
62.7%
Let the hint clue you in....
Answer
% Correct
Implores Apollo to 'go after some new meat'...
Duke
61.2%
Doesnt know it aint no law to duck.
Tommy Gunn
60.8%
Fights 'one crazy old man' as he calls him in 'Skill vs Will'
Mason 'The Line' Dixon
56.2%
Wife to the Master of Disaster
Mary Anne Creed
52.1%
Hangs out at The Atomic Hoagie shop...and bartends at Andy's.
Marie
33.6%
Dont ya think he hears things.....
Tony Gazzo
32.3%
Trashes a kid to get his jacket back.
Rocky Balboa, Jr.
16.7%
Had so much glass in his jaw he ought to be a chandelier.
Union Cane
15.6%
Promoter who thinks poster discrepancies dont really matter.
George Jurgens
8%
Quiz Playlist
Details
Report
Send in Message
Add To Playlist
Classic:
Type in answers that appear in a list
Random Order:
Randomize order of answers
Last Updated: Feb 16, 2017
Quiz Scoreboard
CHALLENGE
Sign Up to Join the Scoreboard
Show All
Scores
Hide
Comments
May contain spoilers
Recently Published
Colored Red Africa Blitz
by spor1
Geography
30s
Find the 'City' Movie
by crazypaving
Movies
60s
5x2 Blitz: Bands
by SL_Kpop136
Music
30s
More to Explore
Quiz From the Vault
Featured Blog Post
14 Easter Pick-up Lines to Find Eggs With
hide this ad
You Might Also Like...
Tags
balboa
Character
chi
Rocky
Rocky Balboa
Villains
Today's Top Quizzes in Movies
Browse Movies
hide this ad
Today's Top Quizzes in Villains
Browse Villains
Top Contributed Quizzes in Movies
1
Find The 'Big' Movie
2
Find The 'Wild' Movie
3
Find The 'Blue' Movie
4
Movies By Plot
5
Hidden Star Wars Character II
6
Pick 5 Posters: Directed by Spielberg
7
Hidden Star Wars Character III
8
The ultimate James Bond movie quiz
9
Hidden Star Wars Character IV
10
25 Best Actor Nominees (1990s)
Explore More
Trending Topics
Disney
Marvel
Kpop
Anime
Crossword
NBA
Harry Potter
WWE
Country
Puzzle
Pokémon
Soccer
NFL
The Office
Song
hide this ad
More By:
AttorneyLoophole
Quiz
Plays
Rating
Category
Featured
Created
Characters in the 'Rocky' film series
264
3.00
Movies
Oct 18, 2013
Go to Creator's Profile
Score Distribution
Quiz Creator Spotlight
AttorneyLoophole
Follow
Send a Message
Quizzes Created
-
Created Quiz Play Count
-
More By This Creator
Popular Quizzes Today
1
Colored Red Africa Blitz
2
Find the 'City' Movie
3
5x2 Blitz: Bands
4
Find the US States - No Outlines Minefield
5
The Countries of the World
6
Find the US States
7
US States
8
Find the Countries of Europe - No Outlines Minefield
More Movies Quizzes
Image Sorting: Movie Characters V
Curator's Pick
Trending Quizzes
Colored Red Europe Blitz I
Colored Red Europe Blitz II
Colored Red Africa Blitz II
Colored Red Europe Blitz III
Colored Red Africa Blitz III
Recently Updated
How Do You Spell That?
pecheneg
Godzilla Movies
pecheneg
Grab Bag: 4-10 Letters
pecheneg
2024 March Madness Bracket
pecheneg
Famous TV Couples
Peacemaker
Champions League XIs: Real Madrid
pecheneg
Largest US Cities 1790-2010
pecheneg
Rides in Walt Disney World
pecheneg
Most Oscar Losses (Acting)
pecheneg
Beyoncé Albums
pecheneg
Trending Topics
NBA
Kpop
Crossword
Anime
Disney
Marvel
Harry Potter
Song
WWE
Puzzle
Soccer
The Office
Country
NFL
Pokémon
Your Account Isn't Verified!
In order to create a playlist on Sporcle, you need to verify the email address you used during registration. Go to your
Sporcle Settings
to finish the process.
Report this User
Report this user for behavior that violates our
Community Guidelines
.
Details:
Send Report
Go to the Sporcle.com Mobile Site →
Comments